| 000 | 00527nam a2200097Ia 4500 | ||
|---|---|---|---|
| 008 | 170517s9999 xx 000 0 und d | ||
| 245 | 4 | _aThe Beautiful Truth | |
| 300 | _aRaised on a wildlife reserve in Alaska, 15-year old Garrett was interested in the dietary habits of their animals. After the tragic death of his mother, Garrett s father decided to home-school his son and assigned a book written by Dr. Max Gerson that proposes a direct... | ||
| 650 | _xTechnology. | ||
| 856 | _uhttp://topdocumentaryfilms.com/beautiful-truth/ | ||
| 999 |
_c335098 _d335098 |
||